000 002790000a22001330004500
003 MACL
040 _aMACL
090 _c37745
_d37743
100 _aKern, O J
245 _aAmong Country Schools
260 _bGinn and Company
650 _aEducation
942 _cBOOK
_k379.173/KER
999 _c37342
_d37342